000 00325nam a22001337a 4500
003 SGT
082 _a615.621
_bT10P
100 _aPATEL VK
245 _aTEXTBOOK OF GENERAL & DENTAL PHARMACOLOGY MCQs
260 _aAHMEDABAD INDIA
_bBS SHAN PRAKASHN
_c2010
300 _a1-550
650 _aPHARMACOLOGY
942 _2ddc
_cBK
999 _c21677
_d21677